Harry Potter Half-Blood Prince Characters Quiz Stats

 Plays Quiz Updated Feb 16, 2018

Challenge
Share
Tweet
Embed
Score 0/196 Timer 15:00
15 Plays Today
Mentions Character % Correct
2,855Harry Potter
99.5%
899Ron Weasley
98.8%
694Hermione Granger
98.1%
999Albus Dumbledore
97.6%
232Ginny Weasley
96.1%
404Professor Snape
96.1%
81Fred Weasley
95.8%
65George Weasley
95.7%
2Tobias Snape
95.6%
146Molly Weasley
95%
84Arthur Weasley
94.6%
425Voldemort
94.4%
52Bill Weasley
94.1%
22Percy Weasley
93.7%
410Draco Malfoy
93.1%
4Charlie Weasley
93.1%
22Lucius Malfoy
91.6%
7Lily Potter
91%
9James Potter
91%
56Narcissa Malfoy
90.9%
65Sirius Black
90.1%
231Rubeus Hagrid
87.8%
3Aunt Muriel
87.6%
81Neville Longbottom
87.6%
1Abraxas Malfoy
87.6%
71Remus Lupin
86.2%
87Professor McGonagall
86%
2Augusta Longbottom
82.9%
57Bellatrix Lestrange
82.7%
419Professor Slughorn
81.6%
3Regulus Black
81.6%
8Phineas Nigellus Black
81.3%
66Luna Lovegood
80.8%
62Nymphadora Tonks
80%
38Dobby
79%
32Gregory Goyle
77.8%
33Vincent Crabbe
77.5%
53Dean Thomas
77%
25Seamus Finnigan
76.9%
15Tom Riddle Sr.
76.8%
21Professor Flitwick
76.7%
11Dudley Dursley
75.1%
28Vernon Dursley
74.8%
10Petunia Dursley
74.8%
84Cornelius Fudge
74.7%
56Katie Bell
73.7%
12Dolores Umbridge
73.6%
8Hedwig
73%
56Lavender Brown
72.6%
18Professor Sprout
72%
4Alastor Moody
71.9%
2Lestrange Sr.
71.4%
17Parvati Patil
71.2%
60Kreacher
70.9%
9Wormtail
70.8%
57Fleur Delacour
70.4%
5Cho Chang
67.6%
42Professor Trelawney
67.6%
61Marvolo Gaunt
65.2%
32Merope Gaunt
64.9%
63Morfin Gaunt
64.5%
40Argus Filch
62.7%
6Nearly Headless Nick
62.2%
6Crookshanks
61.7%
1Cedric Diggory
61.5%
87Rufus Scrimgeour
60.9%
Mentions Character % Correct
18Pansy Parkinson
60.4%
12Fang
60.1%
6Viktor Krum
59.8%
31Madam Pomfrey
59.1%
73Cormac McLaggen
58.4%
29Fenrir Greyback
57.7%
13Salazar Slytherin
57.2%
6Rowena Ravenclaw
57%
3Helga Hufflepuff
56.8%
7Godric Gryffindor
56.6%
2Gabrielle Delacour
56.6%
1Barty Crouch
56.5%
5Firenze
56%
26Hepzibah Smith
55.7%
12Peeves
55.5%
18Zacharias Smith
55.5%
46Blaise Zabini
55%
25Aragog
54.4%
4Bloody Baron
54.4%
4Pigwidgeon
54.3%
3Mrs. Norris
54.2%
4Kingsley Shacklebolt
53.8%
1Oliver Wood
53.7%
14Buckbeak
52.7%
19Ernie Macmillan
52%
3Susan Bones
51.1%
22Mundungus Fletcher
50.7%
6Amycus Carrow
50.6%
2Alecto Carrow
50.6%
7Amelia Bones
50.3%
1Gilderoy Lockhart
50.2%
4Ollivander
50%
9Grawp
49.8%
5Tom
49.7%
2Hannah Abbott
49.6%
16Fat Lady
48.3%
2Nagini
48%
1Rita Skeeter
46.9%
21Madam Rosmerta
46.6%
3Madam Hooch
46.6%
17Moaning Myrtle
46.3%
19Hokey
45.8%
3Quirrell
45.4%
2Igor Karkaroff
45.1%
4Madam Pince
44.5%
1Yaxley
44.4%
1Lee Jordan
44.4%
18Romilda Vane
43.6%
1Madame Maxime
43.1%
34Mr. Borgin
42.8%
1Antonin Dolohov
42.4%
1Arabella Figg
42.2%
7Eileen Prince
41.8%
12Caractacus Burke
41.7%
9Fawkes
41.4%
3Michael Corner
40.5%
1Tiberius McLaggen
40.3%
2Avery Sr.
38.7%
6Gwenog Jones
38.1%
68Bob Ogden
37.7%
2Marietta Edgecombe
37.4%
2Professor Grubbly-Plank
37.1%
1Avery
36.9%
1Terry Boot
36.2%
14Madam Malkin
36%
3Trevor
36%
Mentions Character % Correct
1Nott Sr.
34.8%
14Marcus Belby
34.6%
1Damocles Belby
33.4%
21Mrs. Cole
33.2%
7Armando Dippet
33.2%
1Professor Vector
33%
4Theodore Nott
33%
20Leanne
32.8%
12Jimmy Peakes
32.6%
12Stan Shunpike
31.7%
16Demelza Robins
31.2%
3Montague
29.8%
4Dawlish
28.1%
4Florean Fortescue
27.3%
4Arnold
26.2%
4Emmeline Vance
25.9%
1Ernie Prang
24.9%
13Wilkie Twycross
24.8%
10Ritchie Coote
24.2%
1Dirk Cresswell
22.6%
1Mulciber
22.2%
1Rosier Sr.
22%
4Jack Sloper
18.3%
5Sanguini
18.1%
3Professor Merrythought
16.5%
1Violet
16.3%
3Gibbon
16%
2Dennis Bishop
15.9%
1Verity
15.8%
9Celestina Warbeck
15.8%
2Amy Benson
15.6%
3Herbert Chorley
15.3%
2Madam Puddifoot
15.1%
3Billy Stubbs
15.1%
12Harper
15.1%
1Melinda Bobbin
14.7%
1Eloise Midgen
14.5%
6Eldred Worple
14.2%
1Everard
14.1%
2Odo
13.9%
1Barnabas Cuffe
13.9%
2Bertie Higgs
13.7%
1Cecilia
13.6%
1Proudfoot
13.1%
3Libatius Borage
13%
1Merlin
13%
2Urquhart
12.9%
1Martha
12.9%
3Vaisey
12.9%
1Savage
12.6%
4Cadwallader
12.5%
1Ciceron Harkiss
12.1%
1Ambrosius Flume
12%
1Hector Dagworth-Granger
11.8%
2Rosalind Antigone Bungs
11.8%
2Rupert 'Axebanger' Brookstanton
11.8%
1Barnabas the Barmy
11.2%
1Arkie Philpott
11%
1Eric Whalley
10.9%
1Octavius Pepper
10.8%
1Gawain Robards
10.8%
2Bertram Aubrey
10.7%
1Humphrey Belcher
10.7%
1Fergus
10.5%

You're not logged in!

Compare scores with friends on all Sporcle quizzes.
OR
Log In

You Might Also Like...

Show Comments

Extras

Top Quizzes Today


Score Distribution

Your Account Isn't Verified!

In order to create a playlist on Sporcle, you need to verify the email address you used during registration. Go to your Sporcle Settings to finish the process.

Report this User

Report this user for behavior that violates our Community Guidelines.

Details: